Wahrzeichen - Länder - Zufallsquiz - Statistiken

Allgemein
  • Dieses Quiz wurde 101 mal gespielt
  • Das Durchschnittsergebnis liegt bei 12 aus 20
Antwortstatistiken
Hinweis Land % Korrekt
Pyramiden von Gizeh Ägypten
100%
Sphinx Ägypten
100%
Great Barrier Reef Australien
100%
Fraser Island Australien
100%
Christusstatue Brasilien
100%
Chinesische Mauer China
100%
Europa-Park Deutschland
100%
Schloss Neuschwanstein Deutschland
100%
Oktoberfest Deutschland
100%
Kölner Dom Deutschland
100%
Schwarzwald Deutschland
100%
Arc de Triomphe Frankreich
100%
Eiffelturm Frankreich
100%
Louvre Frankreich
100%
Notre-Dame Frankreich
100%
Pont de Normandie Frankreich
100%
Mont Saint Michel Frankreich
100%
Mont Blanc Frankreich
100%
Kreta Griechenland
100%
Akropolis Griechenland
100%
Loch Ness Großbritannien
100%
Big Ben Großbritannien
100%
Buckingham Palace Großbritannien
100%
Tower Bridge Großbritannien
100%
Edinburgh Großbritannien
100%
Bali Indonesien
100%
Klagemauer Israel
100%
Grab von Jesus Christus Israel
100%
Kolosseum Italien
100%
Venedig Italien
100%
Sizilien Italien
100%
Pompeji Italien
100%
Capri Italien
100%
Gardasee Italien
100%
Fuji Japan
100%
Serengeti Kenia
100%
Havanna Kuba
100%
Petronas Towers Malaysia
100%
Teotihuacan Pyramiden Mexiko
100%
Teotihuacan Mexiko
100%
Mount Everest Nepal / China
100%
De Wallen Niederlande
100%
Nordkap Norwegen
100%
Lysenfjord Norwegen
100%
Machu Picchu Peru
100%
Kreml Russland
100%
Sibirien Russland
100%
Baikalsee Russland
100%
Matterhorn Schweiz
100%
Sagrada Família Spanien
100%
Barcelona Spanien
100%
Kap der guten Hoffnung Südafrika
100%
Blaue Moschee Türkei
100%
Pamukkale Türkei
100%
Central Park USA
100%
Death-Valley-Nationalpark USA
100%
Freiheitsstatue USA
100%
Golden Gate Bridge USA
100%
Lincoln Memorial USA
100%
Portland Union Station USA
100%
Times Square USA
100%
Union Station Chicago USA
100%
Union Station Washington USA
100%
Walt Disney World Resort USA
100%
Washington Monument USA
100%
Weiße Haus USA
100%
Yellowstone-Nationalpark USA
100%
Hollywood Studios USA
100%
Walk of Fame USA
100%
Pier 39 USA
100%
Area 51 USA
100%
Las Vegas USA
100%
Waikiki Beach USA
100%
Salt Lake City USA
100%
Arches National Park USA
100%
Vịnh Hạ Long Vietnam
100%
Tasmanien Australien
86%
Bodensee Deutschland
86%
Versailles Frankreich
86%
Akropolis Griechenland
86%
Taj Mahal Indien
86%
Vesuv Italien
86%
Himalaya Nepal
86%
Huayna Picchu Peru
86%
Bangkok Thailand
86%
Alcatraz USA
86%
Mont Rushmore USA
86%
Perth Australien
83%
Patagonien Chile / Argentinien
83%
Stonehenge Großbritannien
83%
Chichén Itzá Mexiko
83%
Panamakanal Panama
83%
Genfersee Schweiz
83%
Alhambra Spanien
83%
Costa Brava Spanien
83%
Cape Canaveral USA
83%
Wall Street USA
83%
Suezkanal Ägypten
80%
Opernhaus Sydney Australien
80%
Ayers Rock Australien
80%
Allianz Arena Deutschland
80%
Nürburgring Deutschland
80%
Berliner Mauer Deutschland
80%
Covent Garden Großbritannien
80%
Amalfiküste Italien
80%
Dolomiten Italien
80%
Disneyland Tokio Japan
80%
Geirangerfjord Norwegen
80%
Basilius-Kathedrale Russland
80%
Vierwaldstätter See Schweiz
80%
Empire State Building USA
80%
Grand Canyon USA
80%
Las Vegas Strip USA
80%
Everglades-Nationalpark USA
80%
Monument Valley USA
80%
Rocky Mountains USA / Kanada
80%
St. Peters Dom Vatikan
80%
Brügge Belgien
75%
Elbphilharmonie Deutschland
75%
Zwinger Deutschland
75%
Sacré-Cœur Frankreich
75%
Asakusa-Schrein Japan
75%
Timbuktu Mali
75%
Lofoten Norwegen
75%
Salzburg Österreich
75%
Großglockner Österreich
75%
Hagia Sophia Türkei
75%
Arlington National Cemetery USA
75%
Disneyland Park Anaheim USA
75%
Brooklyn Bridge USA
75%
Niagarafälle USA / Kanada
75%
Serengeti-Nationalpark Tansania / Kenia
73%
Yucatán Mexiko
71%
Polarlichter Norwegen
71%
Tafelberg Südafrika
71%
Balboa Park USA
71%
Galapagosinseln Ecuador
70%
Kilimandscharo Tansania
70%
Lake Hiller Australien
67%
Great Ocean Road Australien
67%
Atomium Belgien
67%
Tiananmen-Platz China
67%
Steinwald China
67%
Öresund-Brücke Dänemark / Schweden
67%
Brandenburger Tor Deutschland
67%
Santorini Griechenland
67%
Totes Meer Israel / Jordanien
67%
Petersdom Italien
67%
Villa Romana del Casale Italien
67%
Sardinien Italien
67%
CN Tower Kanada
67%
Jakutien Russland
67%
Montreux Schweiz
67%
Arches-Nationalpark USA
67%
Bright Angel Trail USA
67%
Antelope Canyon USA
67%
Hawaii USA
67%
Sixtinische Kapelle Vatikan
67%
Hanoi Vietnam
67%
Angkor Wat Kambodscha
63%
Camp Nou Spanien
63%
Kapalı Çarşı (Großer Basar) Türkei
63%
Semperoper Deutschland
60%
Honfleur Frankreich
60%
Strokkur Geysir Island
60%
Meiji-Schrein Japan
60%
Nikko Japan
60%
Valletta Malta
60%
Al Ula Saudi-Arabien
60%
Eiger Nordwand Schweiz
60%
Osterinsel Chile
57%
Rote Platz Russland
57%
San Antonio River Walk USA
57%
Sequoia National Park USA
57%
Tal der Könige Ägypten
50%
Namib-Wüste Angola
50%
Bondi Beach Australien
50%
Loreley Deutschland
50%
Reichstag Deutschland
50%
Centre Pompidou Frankreich
50%
Santorin Griechenland
50%
Millennium Wheel Großbritannien
50%
Isfahan Iran
50%
Kluchevskaya-Vulkane Russland
50%
Guggenheim Museum Bilbao Spanien
50%
Everland Resort Gyeonggi-Do Südkorea
50%
Lotte World Südkorea
50%
Topkapi - Palast Türkei
50%
Pamukkale Türkei
50%
Grand Central Terminal USA
50%
National Mall USA
50%
Yosemite-Nationalpark USA
50%
Zion-Nationalpark USA
50%
Capitol USA
50%
Murano Italien
43%
Sensō-ji Tempel Japan
43%
Maasai Mara Kenia
43%
Gold Coast Australien
40%
Moschee Bandar Seri Begawan Brunei
40%
Terracotta-Armee China
40%
Etretat Frankreich
40%
Isle of Skye Großbritannien
40%
Blaue Lagune Island
40%
Weißes Meer Russland
40%
Lena-Felsen Russland
40%
El Escorial Spanien
40%
Ayutthaya Thailand
40%
Kappadokien Türkei
40%
Bryce Canyon USA
40%
Bonneville Salt Flats USA
38%
Verbotene Stadt China
33%
Huanglong China
33%
Lhasa China
33%
Amazonas Ecuador
33%
Scoresby Sund Grönland
33%
Cornwall Großbritannien
33%
Syracus Italien
33%
Golf von Neapel Italien
33%
Universal Studios Osaka Japan
33%
Marrakesch Marokko
33%
Basilika Guadalupe Mexiko
33%
Mandalay Myanmar
33%
Schloss Bran Rumänien
33%
Kamtschatka Russland
33%
Victoriafälle Simbabwe
33%
Montserrat Spanien
33%
Kruger Nationalpark Südafrika
33%
Desert View Watchtower USA
33%
Broadway USA
33%
Angel Falls Venezuela
33%
Li-Fluss China
29%
Ritz Carlton Reserve Phulay Bay Thailand
29%
Lençóis Maranhenses National Park Brasilien
25%
Kailash China
25%
Agrigento Italien
25%
Preikestolen Norwegen
25%
Trolltunga Norwegen
25%
Mutnovka Russland
25%
Auferstehungskirche Russland
25%
Mesquita-Catedral Spanien
25%
Kapadokien Türkei
25%
Havasu Falls USA
25%
Iguazú-Wasserfälle Brasilien / Argentinien
20%
Wulingyuan China
20%
Altos de Chavon Dominikanische Republik
20%
Mashpi Lodge Ecuador
20%
Borobodur Indonesien
20%
Zocalo Mexiko
20%
Grab des unbekannten Soldaten Russland
20%
GUM-Kaufhaus Russland
20%
Marina Bay Sands Singapur
20%
Soho House Deutschland
17%
Meteora Kloster Griechenland
17%
Die drei Zinnen Italien
17%
Bagan Myanmar
17%
Ulusaba Private Game Reserve Südafrika
17%
Paria Canyon USA
17%
Abu Simbel Tempel Ägypten
14%
Potala-Palast China
14%
Borobudur Indonesien
13%
Kata Tjuta Australien
0%
Mount Connor Australien
0%
Hamilton Island Australien
0%
12 Kalkstein - Apostel Australien
0%
schwimmende Schweine Bahamas
0%
Crane Beach Barbados
0%
Fischmarkt Oistins Barbados
0%
Hotel The Crane Barbados
0%
Great Blue Hole Belize
0%
Salar de Uyuni Bolivien
0%
Okavango Delta Botswana
0%
Moai Chile
0%
Danxia-Gebirge China
0%
Hamburger Hafen & Fischmarkt Deutschland
0%
Harz Deutschland
0%
Champagner-Reef Dominica
0%
Casa De Campo Dominikanische Republik
0%
Disneyland Paris Frankreich
0%
Bora Bora Französisch - Polynesien / Tahiti
0%
Lake District Großbritannien
0%
Backwaters Kerala Indien
0%
Dolphin Reef Israel
0%
Calatafimi-Segesta Italien
0%
Paestum Italien
0%
Petra Jordanien
0%
Union Station Toronto Kanada
0%
Veradero Strände Kuba
0%
That Luang Laos
0%
Baalbeck Libanon
0%
Byblos Libanon
0%
Medina Marokko
0%
Goldener Stein Myanmar
0%
Mahango Game Park Namibia
0%
Ulriken Norwegen
0%
Solowetzky-Inseln Russland
0%
Altai Russland
0%
Ksudach Russland
0%
Gorely Russland
0%
Grindelwald Schweiz
0%
Anse Source d'Argent Seychellen
0%
Raffles Hotel Singapur
0%
Orient Express Singapur / Thailand / Malaysia
0%
Scirocco Restaurant Thailand
0%
Guano Point USA
0%
Toroweap Overlook USA
0%
United States Capitol USA
0%
Faneuil Hall USA
0%
Pike Place Market USA
0%
The Wave USA
0%
Burj Khalifa Vereinigte Arabische Emirate
0%
Keine übereinstimmenden Quizze gefunden
Verteilung der Resultate
Anzahl Personen mit jedem Resultat
Perzentil nach korrekt beantworteten Fragen
Ihre Resultats-Entwicklung
Sie haben dieses Quiz noch nicht gespielt